| Tag |
First Indicator |
Second Indicator |
Subfields |
| LEADER |
00000cam a22000001i 4500 |
| 001 |
in00004117421 |
| 005 |
20200117084737.0 |
| 006 |
m d f |
| 007 |
cr bn mmmapmmp |
| 008 |
091130s1972 dcu o f000 0 eng d |
| 035 |
|
|
|a cis2007527234
|
| 040 |
|
|
|a UMI
|b eng
|e rda
|c UMI
|d UtOrBLW
|
| 110 |
1 |
|
|a United States.
|b Congress.
|b House.
|b Committee on Interior and Insular Affairs,
|e issuing body.
|0 http://id.loc.gov/authorities/names/n79071072
|
| 245 |
1 |
0 |
|a To Authorize Certain Additions to the Sitka National Monument in the State of Alaska.
|
| 264 |
|
1 |
|a [Washington :
|b U.S. G.P.O.],
|c 1972.
|
| 300 |
|
|
|a 22 pages, digital, PDF file.
|
| 336 |
|
|
|a text
|2 rdacontent
|b txt
|
| 337 |
|
|
|a computer
|b c
|2 rdamedia
|
| 338 |
|
|
|a online resource
|2 rdacarrier
|b cr
|
| 500 |
|
|
|a Record is based on bibliographic data in ProQuest Congressional Hearings Digital Collection(last viewed July 2018). Reuse except for individual research requires license from ProQuest, LLC.
|
| 520 |
|
|
|a Markup session on S. 1497, to expand the boundaries of Sitka National Monument to include historic areas and structures. Amended S. 1497 was favorably reported and two related bills were sent to the Speaker's desk.
|
| 538 |
|
|
|a System requirements: PDF reader software.
|
| 500 |
|
|
|a Electronic resource.
|
| 610 |
1 |
0 |
|a United States.
|b Congress
|x Committees.
|0 http://id.loc.gov/authorities/subjects/sh85140762
|
| 650 |
|
0 |
|a Historic sites.
|0 http://id.loc.gov/authorities/subjects/sh85061115
|
| 650 |
|
0 |
|a National monuments.
|0 http://id.loc.gov/authorities/subjects/sh85090025
|
| 776 |
0 |
8 |
|a United States. Congress. House. Committee on Interior and Insular Affairs.
|t To Authorize Certain Additions to the Sitka National Monument in the State of Alaska.
|o 92 HIni-T.255
|
| 730 |
0 |
|
|a ProQuest U.S. Congressional Hearings Digital Collection.
|
| 856 |
4 |
0 |
|u http://proxy.library.tamu.edu/login?url=http://congressional.proquest.com/congcomp/getdoc?HEARING-ID=HRG-1972-IIA-0210
|y Electronic resource (PDF)
|t 0
|
| 999 |
f |
f |
|s 79b01570-d63a-32a6-9079-37bbffe094c8
|i 2dff1dac-67b0-35b2-b152-a0df2646df8a
|t 0
|
| 952 |
f |
f |
|a Texas A&M University
|b College Station
|c Electronic Resources
|d Available Online
|t 0
|h No information provided
|
| 998 |
f |
f |
|t 0
|l Available Online
|